Quizzes
Events
Quiz Creation
Community
Videos
Private Events
Remove Ads
Sign In
Join for FREE
Feedback
Dark Mode
Quiz Categories
Sports
Geography
Music
Movies
Television
Just For Fun
Miscellaneous
History
Literature
Language
Science
Gaming
Entertainment
Religion
Holiday
For Kids
Quiz Lab
Recent
Popular Today
Quiz Kudos Today
Editor Picks
Curator Picks
Quizzes by...
Day
Popularity
Type
Ratings
Length
Year
Community
Subscriptions
Recent Discussions
Orange Saloon
Badges
Playlists
Quests
Create
Leaderboards
Showdown
Live 5
Trivia Bingo
Activity
Puzzle Library
Sporcle Events
Private Events
Virtual Trivia
Globe League
Become a Host
Pub Owners
SporcleCon
Opinionation
Our Games
Videos
Blog
Mobile Apps
Partnerships
Remove Ads and Go Orange
Feedback
Sports
Athletes
MLB
NBA
NHL
NFL
Soccer
Sports Teams
WWE
NCAA
Football
Premier League
Basketball
Baseball
Hockey
Golf
Tennis
Cricket
Rugby
Auto Racing
Olympics
World Cup
Sports
Athletes
MLB
NBA
NHL
NFL
Soccer
Sports Teams
WWE
NCAA
Football
Premier League
Basketball
Baseball
Hockey
Golf
Tennis
Cricket
Rugby
Auto Racing
Olympics
World Cup
Random Quiz
Search Sporcle
×
Quiz Lab
Quiz Lab
Sports
Football
Type in answers that appear in a list
Type in answers that appear in a list
Classic
Best Score? Go Orange.
Juventus Squad 2011/12 Stats
Can you name the Juventus Squad 2011/12?
By
Calubis1
6m
29 Questions
250 Plays
250 Plays
250 Plays
Comments
Comments
Give Quiz Kudos
Give Quiz Kudos
-
- Ratings
hide this ad
Replay
Link that replays current quiz
Next Quiz
Link to next quiz in quiz playlist
You Got
0%
They Got
Avg Score
71%
Avg Friend Score
Upgrade to see
Score Distribution
Jump to the score distribution portion of the page
Score
0/29
Timer
06:00
0
Plays Today
Nationality
Name
% Correct
Italy
Gianluigi Buffon
98.4%
Italy
Giorgio Chiellini
94.8%
Montenegro
Mirko Vucinic
92.8%
Italy
Claudio Marchisio
90.4%
Italy
Leonardo Bonucci
87.6%
Italy
Andrea Pirlo
87.6%
Chile
Arturo Vidal
87.2%
Italy
Andrea Barzagli
84.8%
Italy
Simone Pepe
82%
Italy
Alessandro Matri
82%
Switzerland
Stephan Lichtsteiner
80.4%
Serbia
Milos Krasic
80%
Netherlands
Eljero Elia
76%
Italy
Fabio Quagliarella
74.8%
Austria
Alexander Manninger
74.4%
Nationality
Name
% Correct
Italy
Marco Storari
73.2%
Italy
Alessandro Del Piero
72%
Italy
Vincenzo Iaquinta
68.8%
Paraguay
Marcelo Estigarribia
63.6%
Italy
Marco Motta
60.8%
Italy
Luca Marrone
59.2%
Italy
Paolo De Ceglie
57.6%
Denmark
Frederik Sorensen
57.6%
Italy
Emanuele Giaccherini
57.2%
Italy
Amauri
56.4%
Italy
Fabio Grosso
55.2%
Italy
Luca Toni
45.6%
Italy
Marco Borriello
43.2%
Italy
Michele Pazienza
38.8%
Quiz Playlist
Details
Report
Send in Message
Add To Playlist
Classic:
Type in answers that appear in a list
Last Updated: Feb 16, 2017
Quiz Scoreboard
CHALLENGE
Sign Up to Join the Scoreboard
Show All
Scores
Hide
Comments
May contain spoilers
Recently Published
TV Characters by Other Roles V
by ghcgh
Television
5m
Decade Duel: World Leaders
by jenniferyan
History
4m
Alphabetical 'K' Countries by Flag Minefield
by ylime102
Geography
3m
More to Explore
Quiz From the Vault
Featured Blog Post
15 Basketball Trivia Facts You Can Be March Mad About
hide this ad
You Might Also Like...
Tags
Football Quiz
2011
2012
Football Clubs
Juventus
Serie A
Squad
Today's Top Quizzes in Sports
Browse Sports
hide this ad
Today's Top Quizzes in Football
Browse Football
Top Contributed Quizzes in Sports
1
Les joueurs à 100 buts en Ligue 1 Uber Eats
2
2022 World Cup Stars
3
Pick 6: NFL Teams
4
MLB 2 truths and a lie: Hall of Fame pitchers
5
Pick 6: Minor League Baseball
6
Millionaire: NBA Finals Edition
7
Pick 6: Olympics
8
Click the 1998 NBA Draft
9
Criteria MLB: Left Handed Sluggers
10
NBA Logic Puzzle 2.0
Explore More
Trending Topics
Marvel
Kpop
NBA
Anime
Crossword
Harry Potter
Disney
The Office
Pokémon
Song
Soccer
Puzzle
Country
NFL
WWE
hide this ad
More By:
Calubis1
Quiz
Plays
Rating
Category
Featured
Created
Borussia Dortmund Squad 2011/12
298
5.00
Sports
Jan 17, 2012
Juventus Squad 2011/12
250
Sports
Jan 19, 2012
AS Roma Squad 2011/12
164
2.00
Sports
Jan 19, 2012
FC Schalke 04 Squad 2011/12
91
Sports
Jan 17, 2012
Lazio Squad 2011/12
50
Sports
Jan 19, 2012
Go to Creator's Profile
Score Distribution
Quiz Creator Spotlight
Calubis1
Follow
Send a Message
Quizzes Created
-
Created Quiz Play Count
-
More By This Creator
Popular Quizzes Today
1
Countries of Asia Without Outlines Minefield
2
Find the US States - No Outlines Minefield
3
Pick 6: Fruits
4
The Countries of the World
5
Alphabetical 'K' Countries by Flag Minefield
6
Find the Countries of Europe - No Outlines Minefield
7
US States
8
Find the US States
More Sports Quizzes
Grand Slam Tennis Tournaments
Published
Trending Quizzes
Pick 6: Mountains
Pick 6: Harry Potter
Pick 6: Flags
Pick 6: NFL Teams
Pick 6: Movie Franchises
Recently Updated
Adaptations: Name the Title
pecheneg
NWSL Teams
pecheneg
Women's Final Four Teams by Year
bhenderson79
Presidents Quartet II
eogle
Anything But Clue(do)
eogle
Anything But Oceanian Capitals
eogle
Anything But 7
eogle
Anything But Thing
eogle
Word Ladder: February 29
pecheneg
Song Title Questions
pecheneg
Trending Topics
Disney
Crossword
Kpop
Anime
NBA
Marvel
Harry Potter
Country
Puzzle
Soccer
Song
WWE
Pokémon
NFL
The Office
Your Account Isn't Verified!
In order to create a playlist on Sporcle, you need to verify the email address you used during registration. Go to your
Sporcle Settings
to finish the process.
Report this User
Report this user for behavior that violates our
Community Guidelines
.
Details:
Send Report
Go to the Sporcle.com Mobile Site →
Comments